Tự sự học : Một số vấn đề lí luận và lịch sử

שמור ב:
מידע ביבליוגרפי
מחבר ראשי: Trần, Đình Sử
פורמט: ספר
שפה:Undetermined
יצא לאור: Hà Nội Đại học sư phạm Hà Nội 2008
נושאים:
תגים: הוספת תג
אין תגיות, היה/י הראשונ/ה לתייג את הרשומה!
Thư viện lưu trữ: Trung tâm Học liệu Trường Đại học Cần Thơ
LEADER 00643nam a2200205Ia 4500
001 CTU_150395
008 210402s9999 xx 000 0 und d
020 |c 65000 
082 |a 809.23 
082 |b S550 
100 |a Trần, Đình Sử 
245 0 |a Tự sự học : 
245 0 |b Một số vấn đề lí luận và lịch sử 
245 0 |c Trần, Đình Sử 
260 |a Hà Nội 
260 |b Đại học sư phạm Hà Nội 
260 |c 2008 
650 |a Literature,Narratology,Lý luận văn học 
904 |i Chuyen 
980 |a Trung tâm Học liệu Trường Đại học Cần Thơ